| 000 | 00484 a2200169 4500 | ||
|---|---|---|---|
| 020 | _a0023250356 | ||
| 040 |
_aLibrary of Congress _bEnglish |
||
| 082 | 0 | 0 | _a160 |
| 100 | 1 | _aCopi, Irving M. | |
| 245 | 1 | 0 |
_aIntroduction to logic _cIrving M. Copi, Carl Cohen. |
| 250 | _a8th ed. | ||
| 260 |
_aNew York : _bMacmillan ; _aLondon : _bCollier Macmillan, _cc1990. |
||
| 300 |
_axiv, 569 p. : _bill. ; _c25 cm. |
||
| 650 | 0 | _aLogic | |
| 700 | 1 |
_aCohen, Carl, _d1931- |
|
| 942 |
_cBK _k160 COP _2ddc |
||
| 999 |
_c6985 _d6985 |
||